000 00671nam a2200181 4500
999 _c17104
_d17104
008 220602b ||||| |||| 00| 0 eng d
022 _a0732-8435
082 _aDPer 657.05 C33 Sept - Dec 2012, v. 82 n. 9 - 12
100 _aFried, Abraham N.
_945457
245 _aThe new environment for climate change disclosures/
_cAbraham N. Fried, Mark P. Holtzman and Li Duan.
260 _aNew York:
_bThe New York State Society of CPA,
_c©2012.
300 _av82 n12, page 24-28:
_b illustrations:
_c28 cm.
500 _aThe CPA Journal.
650 _aClimate.
_945458
700 _aHoltzman, M. P.
_eAuthor.
_945459
700 _aDuan, Li.
_eAuthor.
_945460
942 _2ddc
_cPER